000 00486nam a22001697a 4500
003 OSt
005 20220107122823.0
008 161222b xxu||||| |||| 00| 0 eng d
040 _cIIITMK
100 _aIbinas C H (93615005)
_911122
245 _aA framework for static malware detection using N-grams
300 _aCSIS - Mini 3rd sem
502 _bCASIS
_c2015-17
_dINT
_eProf. Meraj Uddin
650 _aCOMPUTER SCIENCE
_911123
650 _aMALWARE DETECTION
_911124
942 _2ddc
_cPR
999 _c5512
_d5512